000 00257nam a2200109Ia 4500
008 190911s9999||||xx |||||||||||||| ||und||
100 _aKolman,Bernard
245 0 _aAlgebra For Collage Students
260 _aUSA
_bPearson
_c1968
300 _a549
942 _cBK
999 _c6902
_d6902